[Event "Porto Alegre Oncosinos op"]
[Site "Porto Alegre"]
[Date "2015.09.05"]
[Round "3"]
[White "Koch, Crystian"]
[Black "Da Luz, Paulo Lopes"]
[Result "0-1"]
[WhiteElo "1824"]
[BlackElo "1786"]
[PlyCount "64"]
[EventDate "2015.09.04"]
[EventType "swiss"]
[EventRounds "7"]
[EventCountry "BRA"]
[SourceTitle "EXT 2016"]
[Source "ChessBase"]
[SourceDate "2015.10.08"]
[SourceVersion "1"]
[SourceVersionDate "2015.10.08"]
[SourceQuality "1"]

1. e4 e5 2. Nf3 Nc6 3. Bb5 a6 4. Ba4 Nf6 5. d3 Be7 6. c3 b5 7. Bc2 0-0 8. 0-0 d5 9. exd5 Nxd5 10. h3 f5 11. Re1 Bf6 12. Nbd2 Kh8 13. Nf1 a5 14. Ng3 g6 15. Bh6 Re8 16. Qd2 Qd7 17. Rad1 Bb7 18. a4 b4 19. Nh2 Qd6 20. Nf3 bxc3 21. bxc3 Nxc3 22. Qxc3 e4 23. d4 exf3 24. Qxf3 Rxe1+ 25. Rxe1 Rb8 26. Nxf5 Nxd4 27. Qe3 Qc6 28. Be4 Qxe4 29. Qxe4 Bxe4 30. Rxe4 Nxf5 31. Bf4 Nd6 32. Re6 Kg7 0-1